000 00881nam a22002297a 4500
999 _c9359
_d9359
005 20251125232822.0
008 s2543 th tha d
020 _a9747800829
040 _aNALT
041 _atha
050 _aHF3800.55 พ596ส 2543
086 _aพณ01 8.2 2543
245 1 0 _aเส้นทางการค้าไทย : 80 ปีกระทรวงพาณิชย์
260 3 _aกรุงเทพฯ :
_bกระทรวงพาณิชย์,
_c2543
300 _a151 หน้า :
_b ภาพประกอบ, ตาราง ;
_c 22x30 ซม.
650 0 4 _aกระทรวงพาณิชย์ -- ประวัติ
650 0 4 _aไทย -- การค้า -- ประว้ติ
850 _aNALT
856 4 0 _uhttps://hdl.handle.net/20.500.14156/366293
942 _cGB
_2lcc